Normal view
MARC view
Entry Personal Name
001 - CONTROL NUMBER
- control field: 60253
003 - CONTROL NUMBER IDENTIFIER
- control field: OSt
005 - DATE AND TIME OF LATEST TRANSACTION
- control field: 20260427113545.0
008 - FIXED-LENGTH DATA ELEMENTS
- fixed length control field: 260427|| aca||aabn | a|a d
040 ## - CATALOGING SOURCE
- Original cataloging agency: OSt
- Transcribing agency: OSt
100 ## - HEADING--PERSONAL NAME
- Personal name: Banerjee, Manoshij and Abdulla. Mohammed Shahid
670 ## - SOURCE DATA FOUND
- Source citation: Work cat.: (OSt): Banerjee, Manoshij and Abdulla. Mohammed Shahid, Does the Atal pension Yojana use ‘nudge theory’ to drive up enrolments?
